L'électricité - Statistiques

Statistiques générales
  • Ce quiz a été pris 293 fois
  • Le résultat moyen est 7 sur 8
Statistiques - réponses
Question Réponse % Correct
Qu’est-ce que le courant électrique ? Un déplacement d’électrons libres
93%
Pourquoi les sources d’énergie non renouvelables posent-elles problème à long terme ? Elles ne se renouvellent pas à l’échelle humaine et s’épuisent
91%
Parmi ces sources d’énergie, laquelle est non renouvelable ? Le pétrole
90%
Quelle condition est nécessaire pour qu’un circuit électrique fonctionne ? Le circuit doit être fermé et contenir au moins un dipôle récepteur
88%
Quelle est la différence entre une source d’énergie renouvelable et une source non renouvelable ? Les sources non renouvelables ne peuvent pas se renouveler à l’échelle humaine
86%
Quel élément est nécessaire pour générer de l’électricité avec un alternateur ? Un mouvement d’aimant devant une bobine
72%
Que faut-il pour qu’un circuit électrique soit dit « générateur » ? Il doit contenir une source d’énergie et permettre la circulation du courant
69%
Qu’est-ce qu’une source d’énergie ? Un élément qui permet de générer de l’électricité
68%
Aucun quiz correspondant
Distribution des résultats
% des personnes avec chaque résultat
Percentile par nombre de réponses
Votre historique - résultats
Vous n’avez pas pris ce quiz